000 00470nam a2200169Ia 4500
008 090711s9999 xx 000 0 und d
082 _b65880
100 _aजोगळेकर योगिनी
245 _aसार्थक
260 _c1988
300 _a212
600 _aजोगळेकर योगिनी
630 _aसार्थक
700 _aजोगळेकर योगिनी
730 _aसार्थक
942 _cBOOK
999 _c294052
_d294052